LEADER 01425nam a2200289 u 4500 001 000000116742 003 CaOOAMICUS 005 20110314115458.0 008 090722s2009 it u000 u ita r 020 $z978-88-13-29241-6* 040 $aPUL$bita 100 1 $aLiberati, Alessio.$0(OLS)http://pul/name/64347 245 13$aLa disciplina dell'immigrazione e i diritti degli stranieri /$cAlessio Liberati. 260 $aPadova :$bCEDAM,$cc2009. 300 $aliv, 1027 p. ;$c24 cm +$e1 CD-Rom 490 1 $aDiritto amministrativo.$aManuali professionali ;$v06 504 $aBibliografia : p. [973]-1007. 650 4$aEmigrazione e immigrazione$xDiritto$zItalia.$0(OLS)http://pul/subject/35641 830 0$aDiritto amministrativo.$pManuali professionali ;$v06.$0(OLS)http://pul/title/142321 850 $aPUL 852 $aPUL$W1$xSL Diritto e Scienze Sociali 3$y79$m342. 45 LIBAL 1.6$j133867$qDDC 21$q $B132895$CPULBib$Z2$F132895 $H111128 $81 852 $aPUL$W1$xSL Diritto e Scienze Sociali 3$y79$m342. 45 LIBAL 1.6CD$j133868$aCD-ROM$qDDC 21$B132896$CPULBib$Z2$F132896 $H111129 $82 941 1 $a9 996 $6020$z978-88-13-29241-6*$9(OLS)http://pul/number/141532 996 $6245$aLa disciplina dell'immigrazione e i diritti degli stranieri$9(OLS)http://pul/title/146746 996 $6260$aPadova :$bCEDAM$9(OLS)http://pul/publisher/48126 LEADER 01202nam a2200313 a 4500 001 000000129050 003 CaOOAMICUS 005 20220516172932.0 008 120523s2011 it u000 u ita r 020 $a978-88-215-7276-0 032 $aLibriCat 040 $aPUL$bita 041 1 $aita$heng 082 04$a282.082 130 0 $aWomen, sex and the church.$lItaliano.$0(OLS)http://pul/title/163061 245 10$aDonne, sesso e chiesa /$cErika Bachiochi (ed.) 260 $aCinisello Balsamo :$bSan Paolo,$c2011. 300 $a319 p. ;$c21 cm. 504 $aBibliografia in nota. 650 4$aDonne cattoliche.$0(OLS)http://pul/subject/14830 700 1 $aBachiochi, Erika.$0(OLS)http://pul/name/82576 850 $aPUL 852 $aPUL$W1$xSL Religione 3$y85$m282. 082 BACER 1$j149429$qDDC 21$B147965$CPULBib$Z2$F147965 $H119864 $82 941 1 $a9 996 $6020$a978-88-215-7276-0$9(OLS)http://pul/number/149808 996 $6082$a282.082$9(OLS)http://pul/classification/2275 996 $6245$aDonne, sesso e chiesa$9(OLS)http://pul/title/163062 996 $6260$aCinisello Balsamo :$bSan Paolo$9(OLS)http://pul/publisher/54577